000 00555nam a2200217Ia 4500
001 7375
003 GE_BSU
008 181216s||||||||xx |||||||||||||| ||und||
040 _cGE_BSU
080 _a553.982
100 _aГубкин,И.М.
245 _aУчение о нефти.
245 _cОтв.ред. А.А.трофимук, Варенцов,М.И.
250 _aИзд. третье.
260 _aМ.
260 _bНедра.
260 _c1975.
300 _a384стр.22см.
653 _aУчение о нефти.
942 _cBK
999 _c40736
_d40736